| 000 | 01400nam a2200337 a 4500 | ||
|---|---|---|---|
| 001 | ebr10239376 | ||
| 003 | CaPaEBR | ||
| 006 | m u | ||
| 007 | cr cn||||||||| | ||
| 008 | 081208s2008 gw a sb 001 0 eng d | ||
| 010 | _z 2008925088 | ||
| 020 | _z9783540771463 | ||
| 020 | _z9783540771470 (e-ISBN) | ||
| 040 |
_aCaPaEBR _cCaPaEBR |
||
| 035 | _a(OCoLC)272312980 | ||
| 050 | 1 | 4 |
_aQA188 _b.B43 2008eb |
| 100 | 1 | _aBebendorf, Mario. | |
| 245 | 1 | 0 |
_aHierarchical matrices _h[electronic resource] : _ba means to efficiently solve elliptic boundary value problems / _cMario Bebendorf. |
| 260 |
_aBerlin : _bSpringer, _c2008. |
||
| 300 |
_axvi, 290 p. : _bill. (some col.). |
||
| 490 | 1 |
_aLecture notes in computational science and engineering, _x1439-7358 ; _v63 |
|
| 504 | _aIncludes bibliographical references and index. | ||
| 533 |
_aElectronic reproduction. _bPalo Alto, Calif. : _cebrary, _d2013. _nAvailable via World Wide Web. _nAccess may be limited to ebrary affiliated libraries. |
||
| 650 | 0 | _aMatrices. | |
| 650 | 0 | _aBoundary value problems. | |
| 650 | 0 | _aDifferential equations, Elliptic. | |
| 655 | 7 |
_aElectronic books. _2local |
|
| 710 | 2 | _aebrary, Inc. | |
| 830 | 0 |
_aLecture notes in computational science and engineering ; _v63. |
|
| 856 | 4 | 0 |
_uhttp://site.ebrary.com/lib/rucke/Doc?id=10239376 _zAn electronic book accessible through the World Wide Web; click to view |
| 999 |
_c37832 _d37832 |
||